El éxodo centroamericano : consecuencias de un conflicto /

Збережено в:
Бібліографічні деталі
Автор: Aguayo Quezada, Sergio (autor)
Інші автори: Aguilar Irigoyen, Agustín (colaboración) (colaboración), Velázquez, Miguel Angel (colaboración) (colaboración)
Формат: Книга
Мова:Іспанська
Опубліковано: México : Secretaría de Educación Pública, 1985, c1985
Теги: Додати тег
Немає тегів, Будьте першим, хто поставить тег для цього запису!

MARC

LEADER 00000nam^a2200000^a^4500
001 000562251
005 20250521000000.0
009 20260310131941.095
020 |a 968-29-0047-6 
037 |a Acervo ITESO - Biblioteca 
041 |a ESP 
091 |a FGM. 01720 
100 |a Aguayo Quezada, Sergio  |e (autor) 
245 1 3 |a El éxodo centroamericano :  |b consecuencias de un conflicto / 
264 4 |a México :  |b Secretaría de Educación Pública,  |c 1985, c1985 
300 |a 173 p. 
336 |a texto  |b txt  |2 rdacontenido 
337 |a sin mediación  |b n  |2 rdamedio 
338 |a volumen  |b nc  |2 rdasoporte 
649 |a XX 
700 |a Aguilar Irigoyen, Agustín  |e (colaboración) 
700 |a Velázquez, Miguel Angel  |e (colaboración) 
910 |a Fondo Efraín González Morfín 
920 |a Impresos - Libros 
930 |a Fondos Especiales 
905 |a 130 
901 |a 0500386776  |b IT2  |c ESL  |i D88495  |u 20250521 
902 |a https://opac.biblio.iteso.mx/vufind/Record/000562251